000 00597nam a22001697a 4500
003 BD-DhUL
005 20160829170910.0
008 160829s1974 b a|||| |||| 000 0 b d
040 _cBD-DhUL
_dBD-DhUL
082 _a915.492
_bMUB
245 _aবিশপ হেবারের চোখে বাংলাদেশ
_cমামুন, মুনতাসীর
260 _aঢাকা :
_bসুবর্ণ প্রকাশন,
_c১৯৭৪ ।
300 _a ৩০ পৃ. ;
_c২২ সেমি. ।
650 _aবাংলাদেশ
650 _aBangladesh
942 _2ddc
_cBK
999 _c102498
_d102498